Distribúcia teplôt v chladiacom reťazci a hygienická legislatíva EÚ

Enregistré dans:
Détails bibliographiques
Auteur principal: Rosskopf, Filip
Format: Livre
Langue:slovaque
Publié: Bratislava STU FCHPT 2010
Accès en ligne:Voir à l'OPAC
Tags: Ajouter un tag
Pas de tags, Soyez le premier à ajouter un tag!

MARC

LEADER 00000nam a2200000 a 4500
005 20260127134353.0
008 101019 2010 xo 000 0 slo d
035 |a vtls010180341 
039 9 |y 201010190944  |z mschk03 
040 |a STUSCHK1  |b slo  |c STUSCHK1  |e AACR2 
100 1 |a Rosskopf, Filip 
245 1 |a Distribúcia teplôt v chladiacom reťazci a hygienická legislatíva EÚ  |c Filip Rosskopf 
260 |a Bratislava  |b STU FCHPT  |c 2010 
300 |a 39 s.  |b il.  |c 30 cm 
500 |a Obháj.: 26.8. 2010 
500 |a Študijný program: potravinárstvo 
500 |a Študijný odbor: 5.2.24 potravinárstvo 
500 |a Bakalárska práca 
500 |a FCHPT, Oddelenie výživy a hodnotenia potravín 
500 |a Evidenčné číslo: 5453-50191 
910 |a SCHK95 
999 |c 11091  |d 11091